[Event "Challenge"]
[Site "http://www.queenalice.com/game.php?id=1262078"]
[Date "2014.3.4"]
[Round "-"]
[White "roli68"]
[Black "bzq5"]
[Result "0-1"]
[WhiteElo "1514"]
[BlackElo "1566"]

1. e4 e5 2. Qh5 Nc6 3. Nf3 g6 4. Qh4 Nf6 5. Nc3 Be7 6. Qh6 d6 7. Bc4 Ng4 8. Qg7
Rf8 9. Qxh7 Nb4 10. O-O Nxc2 11. Rb1 Qd7 12. d3 Nb4 13. a3 Nc6 14. h3 Nf6 15.
Qg7 Na5 16. Ba2 Nh5 17. Qh6 Bf6 18. Qe3 b6 19. Nd5 Bg7 20. b4 Nb7 21. g4 Nf4 22.
Nxf4 exf4 23. Qxf4 Qb5 24. Bc4 Qa4 25. Ng5 Nd8 26. Re1 Bh6 27. Qf6 Qc2 28. Be3
a5 29. b5 Qa4 30. Ra1 Bd7 31. Nh7 Bxe3 32. fxe3 Rg8 33. Rf1 Be6 34. Bxe6 fxe6
35. Nf8 Qxb5 36. Nxe6 Qd7 37. Ng5 Qg7 38. Qf4 Nc6 39. Ne6 Qe7 40. Ng5 O-O-O 41.
Rfc1 Ne5 42. Rc3 Rgf8 43. Qg3 Qxg5 44. h4 Qf6 45. Rf1 Qg7 46. d4 Rxf1+ 47. Kxf1
Qf6+ 48. Ke1 Nf3+ 49. Ke2 Rf8 50. Kd3 Nxh4 51. e5 Qf1+ 52. Ke4 Nf3 53. exd6 Ng5+
54. Kd5 Qb5+ 55. Rc5 bxc5 56. dxc5 c6+ 57. Kd4 Ne6+ 58. Kc3 Qxc5+ 59. Kb2 Kd7
60. Qh2 Rb8+ 61. Ka2 Qc4+ 62. Ka1 Qc1+ 63. Ka2 Qb1# 0-1

[Event "Challenge"]
[Site "http://www.queenalice.com/game.php?id=1263433"]
[Date "2014.3.9"]
[Round "-"]
[White "Erithacus"]
[Black "bzq5"]
[Result "1-0"]
[WhiteElo "1536"]
[BlackElo "1651"]

1. Nf3 d5 2. c4 dxc4 3. e3 b5 4. Be2 Nf6 5. O-O Nc6 6. Na3 a6 7. d4 Qd6 8. Bd2
Nd5 9. Qc1 Bb7 10. Nc2 g6 11. a3 Nf6 12. Nb4 a5 13. Nxc6 Bxc6 14. b4 Bg7 15. Ne5
a4 16. Nxc6 Qxc6 17. Bf3 Ne4 18. Qc2 f5 19. Bc3 Qd6 20. Bxe4 fxe4 21. Qxe4 O-O
22. Rac1 Rae8 23. g3 c6 24. f4 e6 25. Qf3 e5 26. dxe5 Qc7 27. Bd4 Bxe5 28. Qd1
Bd6 29. Qf3 c5 30. Qd5+ Rf7 31. bxc5 Be7 32. f5 Rd8 33. Qe6 Rf8 34. fxg6 1-0

[Event "Challenge"]
[Site "http://www.queenalice.com/game.php?id=1264508"]
[Date "2014.3.13"]
[Round "-"]
[White "dejami"]
[Black "bzq5"]
[Result "0-1"]
[WhiteElo "1716"]
[BlackElo "1500"]

1. e4 e5 2. Bc4 Qh4 3. Qf3 Nh6 4. d3 Nc6 5. c3 Bc5 6. g3 Qe7 7. Nh3 d6 8. Ng1
Ng4 9. Be3 Nxe3 10. fxe3 O-O 11. a4 Qg5 12. d4 exd4 13. exd4 Bb6 14. Ne2 Bg4 15.
Qg2 Rae8 16. Nd2 Ne7 17. a5 Nf5 18. Nf3 Qe3 19. Ng1 Bxd4 20. cxd4 Rxe4 21. Ra3
Qc1+ 22. Kf2 Qb1 23. Ra2 Re7 24. Qf1 Qc2 25. Bb5 c6 26. Ba4 Qd2 27. h3 Bxe2 28.
Nxe2 Rfe8 29. Bd1 Nxd4 30. g4 g5 31. Ra4 Nxe2 32. Bxe2 Rxe2+ 0-1

[Event "Challenge"]
[Site "http://www.queenalice.com/game.php?id=1267400"]
[Date "2014.3.23"]
[Round "-"]
[White "bzq5"]
[Black "obelisksoldier"]
[Result "0-1"]
[WhiteElo "1703"]
[BlackElo "1535"]

1. e4 d6 2. Bc4 e6 3. Nc3 g6 4. d4 Bg7 5. d5 e5 6. Qd3 Nf6 7. Nh3 O-O 8. O-O
Nbd7 9. Bb3 Nc5 10. Qc4 Qd7 11. Be3 Nxb3 12. Qxb3 c6 13. Rfd1 Ne8 14. Qa3 c5 15.
b3 f5 16. f3 a6 17. Na4 Qc7 18. Rab1 b5 19. Nxc5 dxc5 20. Bxc5 Rf7 21. Rd3 fxe4
22. fxe4 Nd6 23. Bxd6 Qxc2 24. Rbd1 Bxh3 25. R3d2 Qxe4 26. Qc5 Rc8 27. Qb6 Bg4
28. Rf1 Rxf1+ 29. Kxf1 Rc1+ 30. Kf2 Qe1# 0-1

[Event "Challenge"]
[Site "http://www.queenalice.com/game.php?id=1268094"]
[Date "2014.3.25"]
[Round "-"]
[White "teodoricojose"]
[Black "bzq5"]
[Result "1-0"]
[WhiteElo "1684"]
[BlackElo "1622"]

1. e4 e5 2. Nf3 d6 3. d4 Nf6 4. Nc3 c6 5. dxe5 dxe5 6. Qxd8+ Kxd8 7. Bg5 Be7 8.
Nxe5 Be6 9. O-O-O+ Nbd7 10. Bxf6 Bxf6 11. Nxd7 Bxd7 12. Be2 Ke7 13. Rd3 Be6 14.
a3 Rhe8 15. Rhd1 Be5 16. g3 b5 17. f4 Bc7 18. f5 Bc8 19. Bg4 Kf8 20. Bf3 a5 21.
e5 Ra6 22. Ne4 Bxe5 23. Nd6 Bxd6 24. Rxd6 Bxf5 25. Bxc6 Re2 26. Rd8+ Ke7 27.
Re8+ Kf6 28. Rxe2 Rxc6 29. Rf1 Kg5 30. Re5 g6 31. Rf2 Kh6 32. Rxb5 a4 33. Rb7
Be6 34. h4 Rd6 35. Rg2 Bd5 36. Rd2 Bxb7 37. Rxd6 Bc8 38. Rc6 Bg4 39. Ra6 f5 40.
Rxa4 Kh5 41. b4 Bf3 42. b5 g5 43. b6 f4 44. gxf4 gxh4 45. Rb4 h3 46. b7 Bxb7 47.
Rxb7 h6 48. Rb3 Kh4 49. Rxh3+ Kxh3 50. f5 h5 51. f6 h4 52. f7 Kh2 53. f8=Q h3
54. Qf2+ Kh1 55. c4 h2 56. Qf1# 1-0

[Event "Challenge"]
[Site "http://www.queenalice.com/game.php?id=1268095"]
[Date "2014.3.25"]
[Round "-"]
[White "bzq5"]
[Black "teodoricojose"]
[Result "1-0"]
[WhiteElo "1635"]
[BlackElo "1642"]

1. e4 d6 2. Nf3 Nf6 3. Nc3 c5 4. Bc4 g6 5. Ng5 e6 6. Qf3 Bh6 7. d3 Bg7 8. Nb5 a6
9. Nc3 d5 10. exd5 exd5 11. Nxd5 O-O 12. O-O Nxd5 13. Bxd5 Qf6 14. Qe4 Nc6 15.
Nxf7 Rxf7 16. Bg5 Qxg5 17. Qe8+ 1-0

[Event "REVANCHE"]
[Site "http://www.queenalice.com/game.php?id=1268572"]
[Date "2014.3.28"]
[Round "-"]
[White "bzq5"]
[Black "roli68"]
[Result "1-0"]
[WhiteElo "1580"]
[BlackElo "1535"]

1. e4 e5 2. Nf3 Nc6 3. Bc4 h6 4. c3 Nf6 5. d3 d5 6. Bb5 a6 7. Qa4 Bd7 8. Bxc6
bxc6 9. Nxe5 Bd6 10. Nf3 c5 11. Qb3 dxe4 12. dxe4 Nxe4 13. O-O Be6 14. Qa4+ Kf8
15. Qxe4 g5 16. b3 Qf6 17. Bb2 Ke7 18. Na3 Kd7 19. Rab1 Bf5 20. Qa4+ c6 21. Rbd1
g4 22. Nd2 Qe5 23. g3 h5 24. Ndc4 Qe2 25. Rde1 Qf3 26. Nb6+ Kc7 27. Nxa8+ Rxa8
28. Re3 Qd5 29. Qa5+ Kd7 30. c4 Bc7 31. Qe1 Qd6 32. Qe2 Qf8 33. Rd1+ Kc8 34.
Re8+ Kb7 35. Rxf8 Rxf8 36. Qe7 Rc8 37. Qxc5 Bg6 38. Bd4 Rd8 39. Re1 Rd7 40. Re8
Bd6 41. Qa7# 1-0

[Event "Challenge"]
[Site "http://www.queenalice.com/game.php?id=1270988"]
[Date "2014.4.7"]
[Round "-"]
[White "obelisksoldier"]
[Black "bzq5"]
[Result "1-0"]
[WhiteElo "1660"]
[BlackElo "1679"]

1. Nf3 d5 2. g3 c6 3. Bg2 Nh6 4. O-O g6 5. d3 Bg7 6. Nbd2 O-O 7. e4 d4 8. a4 e5
9. Nc4 Re8 10. Bxh6 Bxh6 11. Nfxe5 Nd7 12. Nf3 c5 13. Nfd2 Nf6 14. f4 Bg4 15.
Qe1 Qd7 16. e5 Nd5 17. Ne4 Bf8 18. Qd2 Qe7 19. Ned6 Red8 20. Bxd5 Rd7 21. Bxf7+
Kg7 22. Bd5 Be6 23. Be4 Bxc4 24. Nxc4 Rb8 25. Nd6 b6 26. Bf5 Rc7 27. Rae1 Qd8
28. Nb5 Rcb7 29. Bh3 Qe8 30. f5 g5 31. Qxg5+ Kh8 32. Nd6 Bxd6 33. exd6 Qxa4 34.
Qf6+ Kg8 35. Bg2 Rf7 36. Bd5 Rf8 37. Rf4 1-0

[Event "OS INCLIVEIS"]
[Site "http://www.queenalice.com/game.php?id=1273555"]
[Date "2014.4.16"]
[Round "-"]
[White "adelio"]
[Black "bzq5"]
[Result "1-0"]
[WhiteElo "1820"]
[BlackElo "1623"]

1. d4 d5 2. e4 Nc6 3. e5 Bf5 4. a3 e6 5. Nf3 Be4 6. Ng5 Bxc2 7. Qxc2 Nxd4 8.
Qa4+ Nc6 9. Nxf7 Kxf7 10. Qf4+ Ke8 11. Bb5 Ne7 12. Nc3 Qd7 13. h4 Ng6 14. Bxc6
Qxc6 15. Qg3 Bc5 16. h5 Qb6 17. hxg6 h6 18. Rb1 Rf8 19. Rf1 Bd4 20. Qd3 Bxe5 21.
Qb5+ Qxb5 22. Nxb5 Kd7 23. g3 c6 24. Nc3 Rf6 25. f4 Raf8 26. Ne2 Bd6 27. b4 b5
28. Rb3 Rxg6 29. Rbf3 Bc7 30. Be3 h5 31. Nd4 a6 32. Ke2 Re8 33. f5 exf5 34. Rxf5
Bb6 35. Rf7+ Kd8 36. Kd2 Rxg3 37. Nxc6+ Kc8 38. Bxb6 Rg2+ 39. Kd1 Rge2 40. Rc7#
1-0

[Event "OS INCLIVEIS"]
[Site "http://www.queenalice.com/game.php?id=1273556"]
[Date "2014.4.16"]
[Round "-"]
[White "bzq5"]
[Black "adelio"]
[Result "1-0"]
[WhiteElo "1606"]
[BlackElo "1833"]

1. e4 g6 2. d4 c5 3. Bc4 Nc6 4. d5 Ne5 5. b3 Nxc4 6. bxc4 Bg7 7. c3 e5 8. Be3 d6
9. Nf3 Bg4 10. Na3 Nf6 11. h3 Bxf3 12. Qxf3 a6 13. O-O Ra7 14. Qd1 b6 15. Qa4+
Kf8 16. Rab1 Nxe4 17. Rb3 f5 18. Nb1 f4 19. Bd2 h5 20. Qc6 Nxd2 21. Nxd2 b5 22.
cxb5 Rh7 23. b6 Rd7 24. b7 Bf6 25. b8=Q Qxb8 26. Rxb8+ Bd8 27. Ne4 Ke7 28. Ng5
Rg7 29. Rfb1 Kf6 30. Ne6 g5 31. Nxg7 Rxg7 32. Qxd6+ Kf5 33. Qe6+ Ke4 34. Rxd8 g4
35. Re1+ Kd3 36. Qxe5 gxh3 37. Qxg7 h2+ 38. Kxh2 f3 39. Rb8 fxg2 40. Kxg2 h4 41.
Re3+ Kc4 42. Qe5 a5 43. Qe4# 1-0

[Event "BELLE"]
[Site "http://www.queenalice.com/game.php?id=1274992"]
[Date "2014.4.22"]
[Round "-"]
[White "roli68"]
[Black "bzq5"]
[Result "0-1"]
[WhiteElo "1536"]
[BlackElo "1591"]

1. e4 e5 2. Nh3 Qh4 3. d3 d6 4. Qf3 Nc6 5. Ng5 f6 6. Nh3 Nd4 7. Qd1 Bg4 8. Qd2
Bf3 9. Na3 g6 10. c3 Bh6 11. cxd4 Bxd2+ 12. Bxd2 Bg4 13. Nb5 Kd7 14. Rc1 c6 15.
Na3 f5 16. exf5 Bxf5 17. Rc4 e4 18. g3 Qe7 19. Bg5 Qe8 20. Kd2 h6 21. Be3 Nf6
22. Bg2 g5 23. Rb4 b5 24. Nb1 Qe6 25. Nc3 Bxh3 26. Bxh3 Qxh3 27. dxe4 Qg2 28.
Re1 Rhf8 29. Re2 Ng4 30. d5 Nxf2 31. Bxf2 Rxf2 32. Ke3 Qf3+ 33. Kd2 a5 34. Rb3
b4 35. Rxf2 Qxf2+ 36. Ne2 c5 37. Re3 Rf8 38. e5 dxe5 39. Rxe5 Qf6 40. Re3 Qxb2+
41. Kd1 Rf1# 0-1

[Event "Challenge"]
[Site "http://www.queenalice.com/game.php?id=1291799"]
[Date "2014.7.1"]
[Round "-"]
[White "bzq5"]
[Black "Andrei_78"]
[Result "1/2-1/2"]
[WhiteElo "1619"]
[BlackElo "1683"]

1. e4 e5 2. Nf3 d6 3. Bc4 h6 4. b3 Bg4 5. h3 Bh5 6. d4 Nd7 7. d5 Nb6 8. Bb5+ Nd7
9. Qd3 a6 10. Bxd7+ Qxd7 11. Bb2 Nf6 12. O-O Be7 13. Qc4 Bxf3 14. Qb4 Be2 15.
Qxb7 O-O 16. Re1 Bb5 17. a4 Rab8 18. Qxb8 Rxb8 19. axb5 Qxb5 20. Ra4 Nd7 21. Ba3
Nb6 22. Rb4 Qa5 23. Re3 Qc5 24. Rc3 Qa5 25. Rxc7 Kf8 26. Rc6 f6 27. Nd2 Kf7 28.
Nc4 Nxc4 29. Rcxc4 Rxb4 30. Bxb4 Qa1+ 31. Kh2 a5 32. Bc3 Qd1 33. Bxa5 Qe2 34.
Rc7 Qxe4 35. c4 Qf4+ 36. Kg1 Qc1+ 37. Kh2 Qf4+ 38. Kg1 Qc1+ 39. Kh2 Qf4+ 1/2-1/2

[Event "Challenge"]
[Site "http://www.queenalice.com/game.php?id=1315034"]
[Date "2014.10.13"]
[Round "-"]
[White "bzq5"]
[Black "JRic"]
[Result "0-1"]
[WhiteElo "1661"]
[BlackElo "1665"]

1. e4 e5 2. Nf3 d6 3. Bc4 Bg4 4. h3 Bh5 5. g4 Bg6 6. d3 Nc6 7. Ng5 h6 8. Nf3 a6
9. Bd5 Na5 10. c4 c6 11. Qa4 b5 12. Bxc6+ Nxc6 13. cxb5 axb5 14. Qxb5 Ne7 15. b3
Rb8 16. Qc4 Na5 17. Qa4+ Nac6 18. O-O Qd7 19. Ba3 h5 20. g5 Qxh3 21. Nbd2 Qg4+
22. Kh2 h4 23. Rg1 Qf4+ 24. Kh1 h3 25. Bxd6 h2 26. Rg3 Rc8 27. Nc4 Kd8 28. Ncxe5
Nxe5 29. Qa5+ Ke8 30. Bxe5 Rc1+ 31. Ne1 Qxf2 32. Rxc1 Qf1+ 0-1

[Event "Challenge"]
[Site "http://www.queenalice.com/game.php?id=1318507"]
[Date "2014.10.28"]
[Round "-"]
[White "gobblemate"]
[Black "bzq5"]
[Result "1-0"]
[WhiteElo "1785"]
[BlackElo "1641"]

1. d4 d5 2. Nf3 g6 3. c4 Bg7 4. e3 Nf6 5. Nc3 c6 6. Bd2 Qb6 7. Be2 Qxb2 8. cxd5
cxd5 9. a3 Qb6 10. O-O O-O 11. Rb1 Qc6 12. Ne5 Qe6 13. e4 dxe4 14. Qc2 b6 15.
Nxe4 Bb7 16. Ng5 Qd6 17. Bb4 Qxd4 18. Nexf7 Bxg2 19. Kxg2 Qd7 20. Bf3 Rc8 21.
Qb3 Nc6 22. Ne5+ Kh8 23. Ngf7+ Kg8 24. Nh6+ Kh8 25. Nef7# 1-0

[Event "Challenge"]
[Site "http://www.queenalice.com/game.php?id=1318508"]
[Date "2014.10.28"]
[Round "-"]
[White "bzq5"]
[Black "gobblemate"]
[Result "0-1"]
[WhiteElo "1629"]
[BlackElo "1865"]

1. e4 c5 2. Bc4 e6 3. Nc3 g6 4. Na4 Nc6 5. b3 Bg7 6. c3 Nf6 7. Qe2 O-O 8. Nxc5
d5 9. exd5 exd5 10. Bd3 Re8 11. Be4 Nxe4 12. Nxe4 Rxe4 13. Ba3 Rxe2+ 14. Nxe2
Ne5 15. d4 Qg5 16. dxe5 Qxg2 17. Rg1 Qe4 18. Rg3 Bg4 19. Re3 Qh1+ 20. Kd2 Qxh2
21. f3 Bh6 22. fxg4 Bxe3+ 23. Kxe3 Qxe5+ 24. Kf2 h5 25. gxh5 Qh2+ 26. Ke3 Re8+
27. Kd2 Qxe2+ 28. Kc1 Qd3 29. b4 Qxc3+ 0-1

[Event "Challenge"]
[Site "http://www.queenalice.com/game.php?id=1324072"]
[Date "2014.11.24"]
[Round "-"]
[White "bzq5"]
[Black "Andrei_78"]
[Result "1-0"]
[WhiteElo "1621"]
[BlackElo "1589"]

1. e4 e5 2. Nf3 d6 3. h3 h6 4. d4 Be6 5. d5 Be7 6. dxe6 fxe6 7. c3 Nc6 8. Bc4
Qd7 9. Qa4 O-O-O 10. Be3 a6 11. Na3 d5 12. Bxa6 bxa6 13. Qxa6+ Kb8 14. Nxe5 Nxe5
15. Qa7+ 1-0